000 00467nam a22001697a 4500
005 20240106161826.0
008 220209b ||||| |||| 00| 0 eng d
020 _a978-93-87397-37-8
041 _aeng
082 _a615.1
100 _aGUPTA, DR. MAHESH KUMAR , JAIMINI MANISH AND PANDEY VIKASH
_98264
245 _aA TEXT BOOK OF ENVIRONMENTAL SCIENCES
260 _aPUNE
_bNIRALI PRAKASHAN
300 _a3.24;p
650 _aPARMACY
_xB.PHARMA
_97469
942 _cBK
999 _c7875
_d7873